Films des années 1970 par images - Statistiques

Statistiques générales
  • Ce quiz a été pris 51 fois
  • Le résultat moyen est 14 sur 20
Statistiques - réponses
Par images Réponse % Correct
Le Parrain
100%
Les Dents de la mer
100%
Rocky
100%
Star Wars
98%
Les Aventures de Rabbi Jacob
94%
Peau d'Âne
92%
Les bronzés font du ski
90%
Alien, le huitième passager
78%
Taxi Driver
78%
Grease
73%
La Folie des grandeurs
73%
L'Aile ou la Cuisse
69%
Orange mécanique
69%
Mais où est donc passée la septième compagnie ?
63%
Mad Max
43%
Le Crime de l'Orient-Express
41%
Le Magnifique
41%
Apocalypse Now
35%
Barry Lyndon
20%
Le cercle rouge
18%
Aucun quiz correspondant
Distribution des résultats
% des personnes avec chaque résultat
Percentile par nombre de réponses
Votre historique - résultats
Vous n’avez pas pris ce quiz